000 00368nam a22001577a 4500
003 MPLRDC
005 20220104143005.0
008 210129b ||||| |||| 00| 0 eng d
082 _a220.136 XKFS
100 _a玄空法师著述
245 _a西方净土与人生
_c
260 _a
_b荃湾西方寺
_c
300 _b
650 _a
942 _cBK
_o220.136 XKFS
999 _c35564
_d35554